Like it happened yesterday / (Record no. 4105)

MARC details
000 -LEADER
fixed length control field 00575cam a2200205 4500
001 - CONTROL NUMBER
control field 4929
005 - DATE AND TIME OF LATEST TRANSACTION
control field 20181127174427.0
008 - FIXED-LENGTH DATA ELEMENTS--GENERAL INFORMATION
fixed length control field 121224s2012 ii 000 1 eng
010 ## - LIBRARY OF CONGRESS CONTROL NUMBER
LC control number 2013310912
020 ## - INTERNATIONAL STANDARD BOOK NUMBER
International Standard Book Number 9780143418801
100 ## - MAIN ENTRY--PERSONAL NAME
Personal name Singh, Ravinder.
Numeration
Titles and words associated with a name
Dates associated with a name
Relator term
Fuller form of name
245 00 - TITLE STATEMENT
Title Like it happened yesterday /
Statement of responsibility, etc. Ravinder Singh.
264 #1 - PRODUCTION, PUBLICATION, DISTRIBUTION, MANUFACTURE, AND COPYRIGHT NOTICE
Place of production, publication, distribution, manufacture New Delhi :
Name of producer, publisher, distributor, manufacturer Penguin Metro Reads,
Date of production, publication, distribution, manufacture, or copyright notice 2013.
300 ## - PHYSICAL DESCRIPTION
Extent x, 194 pages ;
Dimensions 20 cm
336 ## - CONTENT TYPE
Content type term text
Source rdacontent
337 ## - MEDIA TYPE
Media type term unmediated
Source rdamedia
338 ## - CARRIER TYPE
Carrier type term volume
Source rdacarrier
500 ## - GENERAL NOTE
General note Short stories.
650 #0 - SUBJECT ADDED ENTRY--TOPICAL TERM
Topical term or geographic name entry element Love stories.
Holdings
Withdrawn status Lost status Source of classification or shelving scheme Damaged status Not for loan Collection code Home library Current library Shelving location Date acquired Serial Enumeration / chronology Inventory number Total Checkouts Total Renewals Full call number Barcode Date last seen Date last checked out Price effective from Koha item type
    Dewey Decimal Classification     Fiction RTC Library RTC Library Fiction 29/04/2021 8051 14 9 FIC 823.92 SIN 30007873 25/08/2025 12/08/2025 27/11/2018 Fiction
Royal Thimphu College || All Right Reserved